[Event "Steinfurt Bezirksklasse 1516"]
[Site "Germany"]
[Date "2016.01.09"]
[Round "5.3"]
[White "Hepe, Henning"]
[Black "Roos, Wilfried"]
[Result "0-1"]
[WhiteElo "1193"]
[BlackElo "1664"]
[PlyCount "80"]
[EventDate "2015.09.05"]
[EventType "team-tourn"]
[EventRounds "9"]
[EventCountry "GER"]
[SourceTitle "EXT 2017"]
[Source "ChessBase"]
[SourceDate "2016.10.25"]
[SourceVersion "1"]
[SourceVersionDate "2016.10.25"]
[SourceQuality "1"]
[WhiteTeam "Steinfurt V"]
[BlackTeam "Saerbeck II"]
[WhiteTeamCountry "GER"]
[BlackTeamCountry "GER"]

1. e4 c5 2. Nf3 d6 3. Nc3 g6 4. Bc4 Nc6 5. d3 Bg7 6. Bg5 Nf6 7. 0-0 0-0 8. Qc1 Bg4 9. Qf4 Bxf3 10. Qxf3 Ne5 11. Qh3 Nxc4 12. dxc4 Qb6 13. Bxf6 Bxf6 14. Rab1 e6 15. Rfd1 Rad8 16. Qf3 Bg7 17. Rd3 Rd7 18. b3 a6 19. a4 Qc6 20. Rbd1 f5 21. exf5 Qxf3 22. Rxf3 Bxc3 23. Rxc3 Rxf5 24. Rcd3 d5 25. cxd5 exd5 26. c4 d4 27. f3 a5 28. Kf2 Re5 29. g3 Rde7 30. R1d2 Re1 31. f4 Kf7 32. Kf3 Kf6 33. g4 h6 34. h4 b6 35. h5 gxh5 36. gxh5 Kf5 37. Rh2 R7e3+ 38. Rxe3 Rxe3+ 39. Kf2 Rxb3 40. Ke2 Rb2+ 0-1

[Event "Steinfurt Bezirksklasse 1213"]
[Site "Germany"]
[Date "2013.01.19"]
[Round "4.1"]
[White "Roos, Wilfried"]
[Black "Ulbricht Weiss, Wolfgang"]
[Result "1/2-1/2"]
[WhiteElo "1670"]
[BlackElo "1344"]
[PlyCount "45"]
[EventDate "2012.09.29"]
[EventType "team-tourn"]
[EventRounds "9"]
[EventCountry "GER"]
[SourceTitle "EXT 2015"]
[Source "ChessBase"]
[SourceDate "2014.11.20"]
[SourceVersion "1"]
[SourceVersionDate "2014.11.20"]
[SourceQuality "1"]
[WhiteTeam "Saerbeck III"]
[BlackTeam "Rheine CC"]
[WhiteTeamCountry "GER"]
[BlackTeamCountry "GER"]

1. d4 d5 2. c4 c6 3. Nc3 Nf6 4. cxd5 cxd5 5. Nf3 Nc6 6. Bg5 e6 7. e3 Be7 8. Rc1 h6 9. Bh4 0-0 10. Bd3 Bd7 11. 0-0 Ng4 12. Bg3 Re8 13. Bb1 a6 14. a3 Nf6 15. Qc2 g6 16. Ne5 Nxe5 17. Bxe5 Ng4 18. Bg3 Bh4 19. Qe2 Bxg3 20. fxg3 Qg5 21. Rf4 e5 22. dxe5 Rxe5 23. Nd1 1/2-1/2

[Event "Steinfurt Bezirksklasse 1112"]
[Site "Germany"]
[Date "2012.01.28"]
[Round "5.1"]
[White "Roos, Wilfried"]
[Black "Bloem, Markus"]
[Result "1/2-1/2"]
[WhiteElo "1668"]
[BlackElo "1446"]
[PlyCount "50"]
[EventDate "2011.09.24"]
[EventType "team-tourn"]
[EventRounds "9"]
[EventCountry "GER"]
[SourceTitle "EXT 2013"]
[Source "ChessBase"]
[SourceDate "2012.11.22"]
[SourceVersion "1"]
[SourceVersionDate "2012.11.22"]
[SourceQuality "1"]
[WhiteTeam "Saerbeck III"]
[BlackTeam "Ibbenbueren III"]
[WhiteTeamCountry "GER"]
[BlackTeamCountry "GER"]

1. d4 d5 2. c4 c6 3. Nf3 Nf6 4. Nc3 Bg4 5. Ne5 Bh5 6. cxd5 Nxd5 7. g4 Bg6 8. h4 f6 9. Nxg6 hxg6 10. Qd3 g5 11. Qg6+ Kd7 12. Nxd5 cxd5 13. Qf7 Kd6 14. e4 e6 15. e5+ Kc6 16. a4 Bb4+ 17. Bd2 Qe7 18. Rc1+ Kd7 19. Qxe7+ Bxe7 20. h5 Nc6 21. Bb5 a6 22. Bxc6+ bxc6 23. Rh3 Rab8 24. Rc2 Rb3 25. exf6 Bxf6 1/2-1/2

[Event "Steinfurt Bezirksklasse 0708"]
[Site "Germany"]
[Date "2008.03.01"]
[Round "6.1"]
[White "Roos, Wilfried"]
[Black "Bloem, Markus"]
[Result "1/2-1/2"]
[WhiteElo "1676"]
[BlackElo "1426"]
[PlyCount "45"]
[EventDate "2007.10.13"]
[EventType "team-tourn"]
[EventRounds "7"]
[EventCountry "GER"]
[SourceTitle "EXT 2009"]
[Source "ChessBase"]
[SourceDate "2008.11.26"]
[SourceVersion "1"]
[SourceVersionDate "2008.11.26"]
[SourceQuality "1"]
[WhiteTeam "Saerbeck III"]
[BlackTeam "Ibbenbueren III"]
[WhiteTeamCountry "GER"]
[BlackTeamCountry "GER"]

1. d4 d6 2. Nf3 g6 3. g3 Bg7 4. Bg2 Nf6 5. 0-0 0-0 6. c4 c6 7. Nc3 Nbd7 8. e4 Qc7 9. Qe2 e5 10. dxe5 dxe5 11. b4 Nb6 12. Bb2 Bg4 13. c5 Nbd7 14. Rac1 Rad8 15. h3 Be6 16. Ng5 Rfe8 17. Nxe6 Rxe6 18. Qc4 Nf8 19. Rcd1 Ree8 20. a4 Ne6 21. Ne2 Rd7 22. Rxd7 Nxd7 23. f4 1/2-1/2

[Event "Steinfurt Bezirksklasse 0607"]
[Site "Germany"]
[Date "2007.03.17"]
[Round "6.3"]
[White "Wehner, Siegfried"]
[Black "Roos, Wilfried"]
[Result "1/2-1/2"]
[WhiteElo "1552"]
[BlackElo "1671"]
[PlyCount "44"]
[EventDate "2006.09.30"]
[EventType "team-tourn"]
[EventRounds "7"]
[EventCountry "GER"]
[SourceTitle "EXT 2008"]
[Source "ChessBase"]
[SourceDate "2007.11.25"]
[SourceVersion "1"]
[SourceVersionDate "2007.11.25"]
[SourceQuality "1"]
[WhiteTeam "Reckenfeld II"]
[BlackTeam "Saerbeck III"]
[WhiteTeamCountry "GER"]
[BlackTeamCountry "GER"]

1. d4 Nf6 2. Nf3 c6 3. c4 d5 4. Nc3 Bf5 5. Bg5 e6 6. cxd5 cxd5 7. e3 Be7 8. Bb5+ Nfd7 9. Bxe7 Qxe7 10. Ne5 a6 11. Qa4 f6 12. Nxd7 Nxd7 13. Bxd7+ Qxd7 14. Qxd7+ Kxd7 15. Na4 Ke7 16. Kd2 Rac8 17. Rhc1 e5 18. Nb6 Rc6 19. Nxd5+ Kd6 20. Rxc6+ bxc6 21. Nc3 exd4 22. exd4 Rb8 1/2-1/2

[Event "Steinfurt Bezirksliga 0506"]
[Site "Germany"]
[Date "2006.03.09"]
[Round "7.1"]
[White "Brinkmann, Franz Josef"]
[Black "Roos, Wilfried"]
[Result "1-0"]
[WhiteElo "1684"]
[BlackElo "1677"]
[PlyCount "81"]
[EventDate "2005.09.24"]
[EventType "team-tourn"]
[EventRounds "9"]
[EventCountry "GER"]
[SourceTitle "EXT 2006"]
[Source "ChessBase"]
[SourceDate "2005.11.24"]
[SourceVersion "1"]
[SourceVersionDate "2005.11.24"]
[SourceQuality "1"]
[WhiteTeam "Berlin Klein Rheine II"]
[BlackTeam "Falke Saerbeck III"]
[WhiteTeamCountry "GER"]
[BlackTeamCountry "GER"]

1. e4 c5 2. Nf3 d6 3. d4 cxd4 4. Nxd4 Nf6 5. Nc3 a6 6. Be2 g6 7. Bg5 Bg7 8. 0-0 Nc6 9. Be3 Ne5 10. h3 b5 11. f4 Nc4 12. Bxc4 bxc4 13. e5 Ng8 14. Qf3 Rb8 15. Rab1 Bb7 16. Qf2 e6 17. g4 h5 18. f5 hxg4 19. fxg6 f5 20. Nxe6 Qe7 21. Nxg7+ Qxg7 22. Qxf5 Nh6 23. Qe6+ Qe7 24. Qxe7+ Kxe7 25. exd6+ Kd7 26. g7 gxh3 27. gxh8Q Rxh8 28. Bxh6 h2+ 29. Kxh2 Rxh6+ 30. Kg3 Kxd6 31. Rf7 Rg6+ 32. Kf4 Bc8 33. Rd1+ Kc6 34. Rd8 Be6 35. Re7 Bh3 36. Ra8 Kc5 37. Re5+ Kb6 38. Nd5+ Kb7 39. Rh8 Bg2 40. Rh7+ Kc8 41. Re8# 1-0

[Event "Steinfurt Bezirksliga 0506"]
[Site "Germany"]
[Date "2006.02.04"]
[Round "6.1"]
[White "Roos, Wilfried"]
[Black "Brito, Daniel"]
[Result "0-1"]
[WhiteElo "1677"]
[BlackElo "1795"]
[PlyCount "68"]
[EventDate "2005.09.24"]
[EventType "team-tourn"]
[EventRounds "9"]
[EventCountry "GER"]
[SourceTitle "EXT 2006"]
[Source "ChessBase"]
[SourceDate "2005.11.24"]
[SourceVersion "1"]
[SourceVersionDate "2005.11.24"]
[SourceQuality "1"]
[WhiteTeam "Falke Saerbeck III"]
[BlackTeam "Neuenkirchen II"]
[WhiteTeamCountry "GER"]
[BlackTeamCountry "GER"]

1. Nf3 Nf6 2. g3 d5 3. c4 d4 4. d3 c5 5. b4 cxb4 6. a3 bxa3 7. Bxa3 Nc6 8. Bg2 g6 9. 0-0 Bg7 10. Nbd2 0-0 11. Qb3 Re8 12. Ng5 Qc7 13. c5 Rf8 14. Rfb1 h6 15. Nge4 Nxe4 16. Bxe4 Kh7 17. h4 f5 18. Bf3 Rb8 19. Nc4 Be6 20. Qa4 Bxc4 21. Qxc4 e5 22. Bc1 Qe7 23. Bxc6 bxc6 24. Kg2 f4 25. Rxb8 Rxb8 26. Ra6 fxg3 27. fxg3 Qf6 28. Ra2 Rf8 29. e4 dxe3 30. Bxe3 Qf3+ 31. Kh3 Qxe3 32. Rxa7 Qf3 33. Ra1 e4 34. Ra7 Qh1+ 0-1

[Event "Steinfurt Bezirksliga 0304"]
[Site "Germany"]
[Date "2004.03.27"]
[Round "7.7"]
[White "Hoesker, Lothar"]
[Black "Roos, Wilfried"]
[Result "1/2-1/2"]
[WhiteElo "1500"]
[BlackElo "1710"]
[PlyCount "40"]
[EventDate "2003.10.18"]
[EventType "team-tourn"]
[EventRounds "9"]
[EventCountry "GER"]
[SourceTitle "EXT 2005"]
[Source "ChessBase"]
[SourceDate "2004.11.15"]
[SourceVersion "1"]
[SourceVersionDate "2004.11.15"]
[SourceQuality "1"]
[WhiteTeam "Reckenfeld"]
[BlackTeam "Saerbeck Falke II"]
[WhiteTeamCountry "GER"]
[BlackTeamCountry "GER"]

1. d4 Nf6 2. c4 c5 3. Nf3 g6 4. Nc3 Bg7 5. e3 0-0 6. g3 cxd4 7. Nxd4 Nc6 8. Bg2 Rb8 9. 0-0 a6 10. Re1 Ne5 11. b3 d6 12. Bb2 Bd7 13. Rc1 Qc8 14. Nd5 Qd8 15. Nxf6+ Bxf6 16. Rc2 h5 17. f4 Ng4 18. Nf3 Qb6 19. Bd4 Qc7 20. h3 Bxd4 1/2-1/2

[Event "Muensterland Verbandsklasse-B 0203"]
[Site "Muensterland"]
[Date "2002.11.09"]
[Round "2.5"]
[White "Boelker, Franz"]
[Black "Roos, Wilfried"]
[Result "1-0"]
[WhiteElo "1904"]
[BlackElo "1741"]
[PlyCount "57"]
[EventDate "2002.09.28"]
[EventType "team"]
[EventRounds "9"]
[EventCountry "GER"]
[SourceTitle "EXT 2004"]
[Source "ChessBase"]
[SourceDate "2003.11.25"]
[SourceVersion "1"]
[SourceVersionDate "2003.11.25"]
[SourceQuality "1"]
[WhiteTeam "Raesfeld Erle"]
[BlackTeam "Saerbeck Falke II"]
[WhiteTeamCountry "GER"]
[BlackTeamCountry "GER"]

1. d4 Nf6 2. Nf3 g6 3. g3 c5 4. dxc5 Qa5+ 5. Nbd2 Bg7 6. Bg2 Qxc5 7. 0-0 d6 8. a3 Bf5 9. c3 Qc8 10. Nd4 Bh3 11. Qa4+ Kf8 12. Qc2 h5 13. N2f3 e5 14. Bxh3 Qxh3 15. Ng5 Qd7 16. Ndf3 h4 17. Nxh4 Rxh4 18. gxh4 Qg4+ 19. Kh1 Nbd7 20. Qb3 d5 21. Qb4+ Ke8 22. Qxg4 Nxg4 23. h3 Nh6 24. Rd1 Nb6 25. Be3 Nc4 26. Rxd5 Nxb2 27. Rb1 Nc4 28. Rxb7 Nxa3 29. Bc5 1-0